Statistics for Countries Closest to Malaysia

Click here to take the quiz!

General Stats

  • This quiz has been taken 13 times
  • The average score is 13 of 15

Answer Stats

Hint (km)Answer% Correct
996Cambodia
100%
1170Indonesia
100%
1648Laos
100%
2462Philippines
100%
1183Thailand
100%
2034Vietnam
100%
1476Brunei
92%
312Singapore
92%
3227Taiwan
77%
2584Bangladesh
69%
2986Bhutan
69%
3000East Timor
69%
3124Maldives
69%
2448Sri Lanka
62%
1630Myanmmar
54%

Score Distribution

Percentile by Number Answered

Percent of People with Each Score

Your Score History

You have not taken this quiz